000 00513nam a2200181Ia 4500
999 _c7125
_d7125
003 OSt
005 20200123110455.0
008 190216s9999||||xx |||||||||||||| ||und||
020 _a9788121923002
040 _coclc
082 _a658.3
_bKHA/H
100 _aKhanka, S S
_9798
245 0 _aHuman Resource Management Text And Cases /
_cS S Khanka
250 _a1st ed.
260 _bS Chand & Company,
_aNew Delhi:
_c2003.
300 _a449p
942 _cBK
_2ddc
_h658.3
_iKHA/H
_k658.3
_mKHA/H